Theatrum veritatis et justitiae sive decisivi discursus per materias seu titulos distincti & ad veritatem editi in forensibus controversiis canonicis & civilibus in quibus in urbe advocatus pro una partium scripsit vel consultus respondit (Record no. 8265)
[ view plain ]
| 000 -CABECERA | |
|---|---|
| campo de control de longitud fija | 01677nam a2200349 a 4500 |
| 001 - NÚMERO DE CONTROL | |
| campo de control | BRCA_8602 |
| 005 - FECHA Y HORA DE LA ÚLTIMA TRANSACCIÓN | |
| campo de control | 20190320210337.0 |
| 008 - DATOS DE LONGITUD FIJA--INFORMACIÓN GENERAL | |
| campo de control de longitud fija | 290816s1734----it-#######---#000-0#lat-# |
| 041 ## - CÓDIGO DE LENGUA | |
| Código de lengua del texto/banda sonora o título independiente | lat |
| 044 ## - CÓDIGO DEL PAÍS DE LA ENTIDAD EDITORA/PRODUCTORA | |
| Código MARC del país | it |
| 050 #4 - SIGNATURA TOPOGRÁFICA DE LA BIBLIOTECA DEL CONGRESO | |
| Número de clasificación | KB230 |
| Número de documento/Ítem | .D45 |
| -- | 1734 |
| 100 1# - ENTRADA PRINCIPAL--NOMBRE DE PERSONA | |
| Nombre de persona | De luca Baptistae, Venusini |
| 9 (RLIN) | 21503 |
| 245 10 - MENCIÓN DE TÍTULO | |
| Título | Theatrum veritatis et justitiae sive decisivi discursus per materias seu titulos distincti & ad veritatem editi in forensibus controversiis canonicis & civilibus in quibus in urbe advocatus pro una partium scripsit vel consultus respondit |
| Mención de responsabilidad, etc. | Venusini de luca Baptistae. |
| 260 ## - PUBLICACIÓN, DISTRIBUCIÓN, ETC. | |
| Lugar de publicación, distribución, etc. | Venetiis |
| Nombre del editor, distribuidor, etc. | Ex typographia balleoniana |
| Fecha de publicación, distribución, etc. | 1734 |
| 300 ## - DESCRIPCIÓN FÍSICA | |
| Extensión | 8 vols. (con varias paginaciones) |
| Dimensiones | 39 cm |
| 500 ## - NOTA GENERAL | |
| Nota general | Fondo antiguo |
| 500 ## - NOTA GENERAL | |
| Nota general | Se encuentra en Caja Fuerte |
| 500 ## - NOTA GENERAL | |
| Nota general | U-118a |
| 500 ## - NOTA GENERAL | |
| Nota general | Incluye índice |
| 500 ## - NOTA GENERAL | |
| Nota general | Portada impresa a dos tintas negro y rojo, con grabado |
| 500 ## - NOTA GENERAL | |
| Nota general | Uso de viñetas al final de cada capítulo |
| 500 ## - NOTA GENERAL | |
| Nota general | Texto escrito a dos columnas |
| 500 ## - NOTA GENERAL | |
| Nota general | Con Ex-libris de: Franz Mayer |
| 500 ## - NOTA GENERAL | |
| Nota general | Se encuentran los siguientes tomos: T .I, T.III,T. V,T. VII,T. IX,T. XI,T. XIII y T. XV |
| 500 ## - NOTA GENERAL | |
| Nota general | Estado físico: Vol. 1 se observa daño por polilla en las páginas del documento, la guarda posterior presenta una rotura. Vol. 9 encuadernación deteriorada del lomo se encuentra desprendido |
| 500 ## - NOTA GENERAL | |
| Nota general | Nota de encuadernación: desgastada de lomo y tapas, en piel con cartón |
| 506 0# - NOTA DE RESTRICCIONES AL ACCESO | |
| Limitaciones de acceso | Fondo reservado: para su consulta es necesario credencial de usuario y carta de motivos |
| 650 14 - PUNTO DE ACCESO ADICIONAL DE MATERIA--TÉRMINO DE MATERIA | |
| Término de materia o nombre geográfico como elemento de entrada | Derecho canónico |
| 9 (RLIN) | 21260 |
| 650 14 - PUNTO DE ACCESO ADICIONAL DE MATERIA--TÉRMINO DE MATERIA | |
| Término de materia o nombre geográfico como elemento de entrada | Iglesia católica |
| Término indicativo de función/relación | Curia romana |
| 9 (RLIN) | 15525 |
| 902 ## - CATALOGADOR | |
| Iniciales | LAR |
| 942 ## - ELEMENTOS DE PUNTO DE ACCESO ADICIONAL (KOHA) | |
| Fuente del sistema de clasificación o colocación | Library of Congress Classification |
| Tipo de ítem Koha | Libros |
| Estado de retiro | Estado de pérdida | Estado dañado | No para préstamo | Localización permanente | Ubicación/localización actual | Fecha de adquisición | Número de inventario | Total de préstamos | Signatura topográfica completa | Código de barras | Fecha visto por última vez | Precio válido a partir de | Tipo de ítem Koha |
|---|---|---|---|---|---|---|---|---|---|---|---|---|---|
| El ejemplar forma parte de la colección y puede ser consultado según las políticas vigentes. | Biblioteca del Museo Franz Mayer (Rogerio Casas-Alatriste) | Biblioteca del Museo Franz Mayer (Rogerio Casas-Alatriste) | 29/08/2016 | U-118a | KB230 .D45 1734 (U-118a) | 9286 | 22/03/2019 | 22/03/2019 | Libros | ||||
| El ejemplar forma parte de la colección y puede ser consultado según las políticas vigentes. | Biblioteca del Museo Franz Mayer (Rogerio Casas-Alatriste) | Biblioteca del Museo Franz Mayer (Rogerio Casas-Alatriste) | 29/08/2016 | U-118a | KB230 .D45 1734 (U-118a) | 9287 | 22/03/2019 | 22/03/2019 | Libros | ||||
| El ejemplar forma parte de la colección y puede ser consultado según las políticas vigentes. | Biblioteca del Museo Franz Mayer (Rogerio Casas-Alatriste) | Biblioteca del Museo Franz Mayer (Rogerio Casas-Alatriste) | 29/08/2016 | U-118a | KB230 .D45 1734 (U-118a) | LAR00106 | 22/03/2019 | 22/03/2019 | Libros | ||||
| El ejemplar forma parte de la colección y puede ser consultado según las políticas vigentes. | Biblioteca del Museo Franz Mayer (Rogerio Casas-Alatriste) | Biblioteca del Museo Franz Mayer (Rogerio Casas-Alatriste) | 29/08/2016 | U-118a | KB230 .D45 1734 (U-118a) | LAR00107 | 22/03/2019 | 22/03/2019 | Libros | ||||
| El ejemplar forma parte de la colección y puede ser consultado según las políticas vigentes. | Biblioteca del Museo Franz Mayer (Rogerio Casas-Alatriste) | Biblioteca del Museo Franz Mayer (Rogerio Casas-Alatriste) | 29/08/2016 | U-118a | KB230 .D45 1734 (U-118a) | LAR00108 | 22/03/2019 | 22/03/2019 | Libros | ||||
| El ejemplar forma parte de la colección y puede ser consultado según las políticas vigentes. | Biblioteca del Museo Franz Mayer (Rogerio Casas-Alatriste) | Biblioteca del Museo Franz Mayer (Rogerio Casas-Alatriste) | 29/08/2016 | U-118a | KB230 .D45 1734 (U-118a) | LAR00109 | 22/03/2019 | 22/03/2019 | Libros | ||||
| El ejemplar forma parte de la colección y puede ser consultado según las políticas vigentes. | Biblioteca del Museo Franz Mayer (Rogerio Casas-Alatriste) | Biblioteca del Museo Franz Mayer (Rogerio Casas-Alatriste) | 29/08/2016 | U-118a | KB230 .D45 1734 (U-118a) | LAR00110 | 22/03/2019 | 22/03/2019 | Libros | ||||
| El ejemplar forma parte de la colección y puede ser consultado según las políticas vigentes. | Biblioteca del Museo Franz Mayer (Rogerio Casas-Alatriste) | Biblioteca del Museo Franz Mayer (Rogerio Casas-Alatriste) | 29/08/2016 | U-118a | KB230 .D45 1734 (U-118a) | LAR00111 | 22/03/2019 | 22/03/2019 | Libros | ||||
| El ejemplar forma parte de la colección y puede ser consultado según las políticas vigentes. | Biblioteca del Museo Franz Mayer (Rogerio Casas-Alatriste) | Biblioteca del Museo Franz Mayer (Rogerio Casas-Alatriste) | 29/08/2016 | U-118a | KB230 .D45 1734 (U-118a) | LAR00112 | 22/03/2019 | 22/03/2019 | Libros | ||||
| El ejemplar forma parte de la colección y puede ser consultado según las políticas vigentes. | Biblioteca del Museo Franz Mayer (Rogerio Casas-Alatriste) | Biblioteca del Museo Franz Mayer (Rogerio Casas-Alatriste) | 29/08/2016 | U-118a | KB230 .D45 1734 (U-118a) | LAR00113 | 22/03/2019 | 22/03/2019 | Libros |